000
00343 a2200157 4500
001
44259
020
_a
8560129014
040
_c
Anchieta - Aquarius
100
_a
Brandão, Pedro Del Monte
240
1
0
_a
O cãozinho bugs
_l
por
245
1
0
_a
O cãozinho bugs
300
_a
362
0
_a
2006
650
4
_a
Literatura infantil
942
_c
BK
999
_c
44259
_d
44259